Rektorát a celouniverzitné ústavy a pracoviská Ekonomickej univerzity v Bratislave akademický rok 2015/2016

Guardado en:
Detalles Bibliográficos
Autor Corporativo: Ekonomická univerzita v Bratislave
Otros Autores: Čajkovičová, Jana, 1964-
Formato: Libro
Lenguaje:eslovaco
Publicado: Bratislava Vydavateľstvo EKONÓM 2015
Edición:1. vyd.
Materias:
Etiquetas: Agregar Etiqueta
Sin Etiquetas, Sea el primero en etiquetar este registro!

MARC

LEADER 00000nam a2200000 4500
001 0210249
005 20240318125814.8
020 |a 978-80-225-4118-3 
041 0 |a slo 
044 |a SK 
245 1 0 |a Rektorát a celouniverzitné ústavy a pracoviská Ekonomickej univerzity v Bratislave  |b akademický rok 2015/2016  |c zostavili: Jana Čajkovičová 
250 |a 1. vyd. 
264 1 |a Bratislava  |b Vydavateľstvo EKONÓM  |c 2015 
300 |a 46 s. 
610 2 0 |a univerzity 
610 2 0 |a školy vysoké 
610 2 0 |a plán učebný 
610 2 0 |a programy študijné 
610 2 0 |a štruktúra organizačná 
610 2 0 |a vzdelávanie vysokoškolské 
610 2 0 |a učitelia 
700 1 |a Čajkovičová, Jana, 1964- 
710 2 |a Ekonomická univerzita v Bratislave